Successful investing guide to your financial future

Gespeichert in:
Bibliographische Detailangaben
Weitere Verfasser: Mills, Ronald K.
Format: Buch
Sprache:Englisch
Veröffentlicht: New York A Fireside Book 1979
Schlagworte:
Tags: Tag hinzufügen
Keine Tags, Fügen Sie das erste Tag hinzu!

MARC

LEADER 00000nam a2200000 4500
001 c101970
005 20221123135840.5
020 |a 0-671-25530-4 
041 0 |a eng 
044 |a us 
245 1 0 |a Successful investing  |b guide to your financial future  |c Editor Ronald K. Mills 
264 1 |a New York  |b A Fireside Book  |c 1979 
300 |a 507 s. 
610 2 0 |a investovanie 
610 2 0 |a investície 
610 2 0 |a politika finančná 
610 2 0 |a financie 
610 2 0 |a plánovanie 
610 2 0 |a riziko 
610 2 0 |a vlastníctvo 
610 2 0 |a papiere cenné 
610 2 0 |a zisk 
610 2 0 |a nehnuteľnosti 
610 2 0 |a analýzy 
610 2 0 |a podnikanie 
700 1 |a Mills, Ronald K.